[Event "Vienna Chess Open 2019"]
[Site "Vienna"]
[Date "2019.08.17"]
[Round "1.7"]
[White "Wuethrich, Lorenz"]
[Black "Blohberger, Felix"]
[Result "0-1"]
[WhiteElo "2138"]
[BlackElo "2467"]
[Annotator "ChessBase"]
[PlyCount "110"]
[EventDate "2019.08.17"]
[EventType "swiss"]
[EventCountry "AUT"]
[SourceTitle "playchess.com"]
[Source "ChessBase"]
[SourceQuality "1"]
[TimeControl "40/5400+30:1800+30"]

1. d4 {[%emt 0:00:00]} e6 {[%emt 0:00:41]} 2. c4 {[%emt 0:00:00]} Bb4+ {[%emt 0:00:38]} 3. Bd2 {[%emt 0:00:01]} a5 {[%emt 0:01:13]} 4. e4 {[%emt 0:02:18]} d6 {[%emt 0:01:06]} 5. a3 {[%emt 0:02:53]} Bxd2+ {[%emt 0:00:06]} 6. Qxd2 {[%emt 0:00:23]} e5 {[%emt 0:00:58]} 7. dxe5 {[%emt 0:04:34]} dxe5 {[%emt 0:00:15]} 8. Nf3 {[%emt 0:00:20]} f6 {[%emt 0:09:58]} 9. h3 {[%emt 0:04:03]} Qxd2+ {[%emt 0:05:19]} 10. Kxd2 {[%emt 0:03:25]} Nd7 {[%emt 0:04:30]} 11. Nc3 {[%emt 0:01:14]} Nc5 {[%emt 0:01:06]} 12. Rd1 {[%emt 0:01:21]} a4 {[%emt 0:03:49]} 13. Nd5 {[%emt 0:01:37]} Kd8 {[%emt 0:01:31]} 14. Ke3 {[%emt 0:03:00]} Bd7 {[%emt 0:00:43]} 15. Be2 {[%emt 0:04:52]} Ne7 {[%emt 0:02:41]} 16. Nh4 {[%emt 0:06:36]} Nc8 {[%emt 0:04:39]} 17. Bg4 {[%emt 0:17:12]} c6 {[%emt 0:11:41]} 18. Nc3 {[%emt 0:01:37]} Nb6 {[%emt 0:01:26]} 19. Be2 {[%emt 0:02:17]} Kc7 {[%emt 0:01:03]} 20. Nf3 {[%emt 0:03:32]} Be6 {[%emt 0:00:43]} 21. Nd2 {[%emt 0:00:15]} Rhd8 {[%emt 0:03:21]} 22. Rc1 {[%emt 0:01:07]} Rxd2 {[%emt 0:02:25]} 23. Kxd2 {[%emt 0:00:12]} Nb3+ {[%emt 0:00:06]} 24. Kc2 {[%emt 0:07:32]} Nxc1 {[%emt 0:00:18]} 25. Rxc1 {[%emt 0:00:06]} Nxc4 {[%emt 0:04:13]} 26. Rd1 {[%emt 0:02:36]} Nd6 {[%emt 0:03:38]} 27. Rd2 {[%emt 0:01:27]} b5 {[%emt 0:00:14]} 28. Bg4 {[%emt 0:01:58]} Bb3+ {[%emt 0:00:39]} 29. Kc1 {[%emt 0:00:12]} g6 {[%emt 0:00:35]} 30. Bd1 {[%emt 0:00:32]} Bc4 {[%emt 0:02:08]} 31. Bc2 {[%emt 0:01:02]} Bf1 {[%emt 0:02:44]} 32. f3 {[%emt 0:01:01]} Rd8 {[%emt 0:08:08]} 33. Rf2 {[%emt 0:00:24]} Bc4 {[%emt 0:00:07]} 34. g3 {[%emt 0:01:32]} Be6 {[%emt 0:01:05]} 35. h4 {[%emt 0:02:29]} Nc4 {[%emt 0:01:54]} 36. Re2 {[%emt 0:01:09]} Rd6 {[%emt 0:04:56]} 37. Nd1 {[%emt 0:00:59]} Na5 {[%emt 0:01:40]} 38. Ne3 {[%emt 0:00:15]} Rd4 {[%emt 0:04:05]} 39. h5 {[%emt 0:03:47]} Nb3+ {[%emt 0:11:04]} 40. Bxb3 {[%emt 0:00:05]} Bxb3 {[%emt 0:00:06]} 41. hxg6 {[%emt 0:30:09]} hxg6 {[%emt 0:30:08]} 42. Rd2 {[%emt 0:00:22]} Kd6 {[%emt 0:00:00]} 43. Ng4 {[%emt 0:00:00]} Ke6 {[%emt 0:00:00]} 44. Rxd4 {[%emt 0:00:00]} exd4 {[%emt 0:00:00]} 45. f4 {[%emt 0:00:00]} c5 {[%emt 0:00:00]} 46. Nf2 {[%emt 0:00:00]} Bc4 {[%emt 0:00:00]} 47. Kd2 {[%emt 0:00:00]} b4 {[%emt 0:00:00]} 48. Nd3 {[%emt 0:00:00]} Bxd3 {[%emt 0:00:00]} 49. Kxd3 {[%emt 0:00:00]} bxa3 {[%emt 0:00:00]} 50. bxa3 {[%emt 0:00:00]} Kd6 {[%emt 0:00:00]} 51. Kc4 {[%emt 0:00:00]} Kc6 {[%emt 0:00:00]} 52. Kd3 {[%emt 0:00:00]} Kb5 {[%emt 0:00:00]} 53. g4 {[%emt 0:00:00]} Kc6 {[%emt 0:00:00]} 54. g5 {[%emt 0:02:19]} fxg5 {[%emt 0:00:00]} 55. f5 {[%emt 0:00:15]} gxf5 {[%emt 0:00:00] Kxd4} 0-1

[Event "Vienna Chess Open 2019"]
[Site "Vienna"]
[Date "2019.08.17"]
[Round "1.7"]
[White "Li, Zhenyu"]
[Black "Miralles, Gilles"]
[Result "1/2-1/2"]
[WhiteElo "2129"]
[BlackElo "2427"]
[Annotator "NA"]
[PlyCount "87"]
[EventDate "2019.08.17"]
[EventType "swiss"]
[EventCountry "AUT"]
[SourceTitle "playchess.com"]
[Source "ChessBase"]
[SourceQuality "1"]
[TimeControl "40/5400+30:1800+30"]

1. d4 {[%emt 0:00:00]} Nf6 {[%emt 0:00:00]} 2. Nf3 {[%emt 0:00:22]} e6 {[%emt 0:00:31]} 3. c4 {[%emt 0:00:05]} b6 {[%emt 0:00:23]} 4. e3 {[%emt 0:01:10]} Bb7 {[%emt 0:02:13]} 5. Bd3 {[%emt 0:00:07]} d5 {[%emt 0:06:59]} 6. O-O {[%emt 0:00:54]} dxc4 {[%emt 0:03:24]} 7. Bxc4 {[%emt 0:00:34]} Bd6 {[%emt 0:02:11]} 8. Nc3 {[%emt 0:01:38]} Nbd7 {[%emt 0:04:53]} 9. Qe2 {[%emt 0:04:53]} O-O {[%emt 0:02:42]} 10. Rd1 {[%emt 0:04:30]} Qb8 {[%emt 0:10:09]} 11. e4 {[%emt 0:22:07]} e5 {[%emt 0:02:41]} 12. d5 {[%emt 0:00:18]} a6 {[%emt 0:06:52]} 13. a4 {[%emt 0:05:04]} Qd8 {[%emt 0:06:57]} 14. Bg5 {[%emt 0:03:09]} Re8 {[%emt 0:02:13]} 15. h3 {[%emt 0:00:44]} h6 {[%emt 0:04:25]} 16. Bd2 {[%emt 0:02:16]} Nf8 {[%emt 0:02:47]} 17. g3 {[%emt 0:03:36]} Ng6 {[%emt 0:00:44]} 18. Be3 {[%emt 0:00:43]} Nd7 {[%emt 0:04:00]} 19. Qc2 {[%emt 0:01:24]} Bc8 {[%emt 0:10:39]} 20. Bf1 {[%emt 0:00:19]} Qe7 {[%emt 0:02:54]} 21. Nd2 {[%emt 0:00:53]} h5 {[%emt 0:03:07]} 22. Nc4 {[%emt 0:03:01]} h4 {[%emt 0:01:05]} 23. Nxd6 {[%emt 0:02:12]} Qxd6 {[%emt 0:02:06]} 24. Rac1 {[%emt 0:00:14]} hxg3 {[%emt 0:01:19]} 25. fxg3 {[%emt 0:00:08]} Nf6 {[%emt 0:00:31]} 26. Nb1 {[%emt 0:01:50]} Bd7 {[%emt 0:01:07]} 27. Nd2 {[%emt 0:02:46]} Rec8 {[%emt 0:00:52]} 28. Qb3 {[%emt 0:03:04]} Qf8 {[%emt 0:01:11]} 29. Rc3 {[%emt 0:01:18]} Qe8 {[%emt 0:04:20]} 30. Ra1 {[%emt 0:00:50]} Nf8 {[%emt 0:01:43]} 31. Bg2 {[%emt 0:03:14]} Rab8 {[%emt 0:00:15]} 32. Nc4 {[%emt 0:01:57]} b5 {[%emt 0:01:00]} 33. axb5 {[%emt 0:00:56]} axb5 {[%emt 0:00:16]} 34. Na5 {[%emt 0:00:50]} Ra8 {[%emt 0:01:25]} 35. Qb4 {[%emt 0:00:25]} c6 {[%emt 0:01:25]} 36. dxc6 {[%emt 0:02:24]} Bxc6 {[%emt 0:00:04]} 37. Rac1 {[%emt 0:00:25]} Bd7 {[%emt 0:01:19]} 38. Rxc8 {[%emt 0:09:53]} Rxc8 {[%emt 0:00:21]} 39. Nb3 {[%emt 0:00:22]} Rxc1+ {[%emt 0:02:14]} 40. Nxc1 {[%emt 0:00:02]} Qc8 {[%emt 0:00:35]} 41. Kh2 {[%emt 0:30:58]} Qc2 {[%emt 0:35:07]} 42. Qd2 {[%emt 0:01:18]} Qb1 {[%emt 0:00:00]} 43. Qc3 {[%emt 0:00:00]} Nxe4 {[%emt 0:00:00]} 44. Qd3 {[%emt 0:00:00]} 1/2-1/2

[Event "Vienna Chess Open 2019"]
[Site "Vienna"]
[Date "2019.08.17"]
[Round "1.8"]
[White "Gumularz, Szymon"]
[Black "Dudas, Eszter"]
[Result "1-0"]
[WhiteElo "2501"]
[BlackElo "2150"]
[Annotator "ChessBase"]
[PlyCount "73"]
[EventDate "2019.08.17"]
[EventType "swiss"]
[EventCountry "AUT"]
[SourceTitle "playchess.com"]
[Source "ChessBase"]
[SourceQuality "1"]
[TimeControl "40/5400+30:1800+30"]

1. e4 {[%emt 0:00:00]} e6 {[%emt 0:00:00]} 2. d4 {[%emt 0:00:00]} d5 {[%emt 0:00:00]} 3. Nd2 {[%emt 0:00:00]} Be7 {[%emt 0:00:10]} 4. Ngf3 {[%emt 0:03:50]} Nf6 {[%emt 0:00:39]} 5. e5 {[%emt 0:00:06]} Nfd7 {[%emt 0:00:04]} 6. Bd3 {[%emt 0:00:04]} c5 {[%emt 0:00:04]} 7. c3 {[%emt 0:00:04]} Nc6 {[%emt 0:00:08]} 8. O-O {[%emt 0:00:12]} g5 {[%emt 0:06:59]} 9. dxc5 {[%emt 0:00:06]} Ndxe5 {[%emt 0:02:01]} 10. Bb5 {[%emt 0:03:24]} Bd7 {[%emt 0:09:57]} 11. b4 {[%emt 0:00:25]} g4 {[%emt 0:20:15]} 12. Nxe5 {[%emt 0:07:38]} Nxe5 {[%emt 0:00:09]} 13. Bxd7+ {[%emt 0:25:46]} Qxd7 {[%emt 0:03:27]} 14. f4 {[%emt 0:00:15]} gxf3 {[%emt 0:12:04]} 15. Nxf3 {[%emt 0:00:05]} Nxf3+ {[%emt 0:00:30]} 16. Qxf3 {[%emt 0:04:25]} O-O-O {[%emt 0:05:14]} 17. Qxf7 {[%emt 0:14:15]} Rdf8 {[%emt 0:01:32]} 18. Qh5 {[%emt 0:00:14]} Rxf1+ {[%emt 0:00:07]} 19. Kxf1 {[%emt 0:00:03]} Rf8+ {[%emt 0:01:25]} 20. Kg1 {[%emt 0:02:05]} d4 {[%emt 0:08:58]} 21. Bd2 {[%emt 0:04:45]} Bf6 {[%emt 0:05:15]} 22. Rd1 {[%emt 0:17:08]} Rd8 {[%emt 0:08:27]} 23. Bf4 {[%emt 0:03:37]} d3 {[%emt 0:02:35]} 24. Bd6 {[%emt 0:05:13]} Bxc3 {[%emt 0:00:08]} 25. Qg4 {[%emt 0:03:22]} e5 {[%emt 0:02:46]} 26. Qc4 {[%emt 0:00:16]} Bd4+ {[%emt 0:00:11]} 27. Kh1 {[%emt 0:00:03]} Qf5 {[%emt 0:04:20]} 28. Qxd3 {[%emt 0:02:15]} Qxd3 {[%emt 0:00:17]} 29. Rxd3 {[%emt 0:00:02]} b6 {[%emt 0:00:11]} 30. Rh3 {[%emt 0:01:43]} Rd7 {[%emt 0:01:27]} 31. Rh6 {[%emt 0:00:28]} Rf7 {[%emt 0:01:56]} 32. g3 {[%emt 0:01:54]} bxc5 {[%emt 0:02:20]} 33. bxc5 {[%emt 0:00:34]} e4 {[%emt 0:01:01]} 34. Re6 {[%emt 0:00:30]} e3 {[%emt 0:01:00]} 35. c6 {[%emt 0:00:06]} Kd8 {[%emt 0:00:11]} 36. c7+ {[%emt 0:01:50]} Kd7 {[%emt 0:00:34]} 37. Re8 {[%emt 0:00:04]} 1-0

[Event "Vienna Chess Open 2019"]
[Site "Vienna"]
[Date "2019.08.17"]
[Round "1.8"]
[White "Gavrilescu, David"]
[Black "Du, Chunhui"]
[Result "0-1"]
[WhiteElo "2464"]
[BlackElo "2137"]
[Annotator "ChessBase"]
[PlyCount "72"]
[EventDate "2019.08.17"]
[EventType "swiss"]
[EventCountry "AUT"]
[SourceTitle "playchess.com"]
[Source "ChessBase"]
[SourceQuality "1"]
[TimeControl "40/5400+30:1800+30"]

1. e4 {[%emt 0:00:00]} e5 {[%emt 0:00:15]} 2. Nf3 {[%emt 0:00:13]} Nc6 {[%emt 0:00:36]} 3. Bc4 {[%emt 0:00:43]} Bc5 {[%emt 0:03:22]} 4. d3 {[%emt 0:00:15]} Nf6 {[%emt 0:00:16]} 5. O-O {[%emt 0:00:17]} O-O {[%emt 0:00:51]} 6. c3 {[%emt 0:01:45]} d6 {[%emt 0:00:55]} 7. h3 {[%emt 0:01:51]} Bb6 {[%emt 0:01:15]} 8. a4 {[%emt 0:00:50]} a5 {[%emt 0:05:39]} 9. Bg5 {[%emt 0:06:39]} h6 {[%emt 0:08:07]} 10. Bh4 {[%emt 0:00:34]} g5 {[%emt 0:03:28]} 11. Nxg5 {[%emt 0:09:44]} hxg5 {[%emt 0:01:39]} 12. Bxg5 {[%emt 0:00:06]} Kg7 {[%emt 0:02:10]} 13. Qf3 {[%emt 0:08:58]} Be6 {[%emt 0:02:24]} 14. Na3 {[%emt 0:04:02]} Rh8 {[%emt 0:04:03]} 15. Nc2 {[%emt 0:04:47]} Kg6 {[%emt 0:25:28]} 16. h4 {[%emt 0:03:52]} Bxc4 {[%emt 0:01:36]} 17. dxc4 {[%emt 0:05:29]} Qe7 {[%emt 0:01:57]} 18. Ne3 {[%emt 0:10:44]} Qe6 {[%emt 0:01:21]} 19. Nd5 {[%emt 0:00:39]} Nd7 {[%emt 0:10:05]} 20. c5 {[%emt 0:02:42]} dxc5 {[%emt 0:02:45]} 21. Qg3 {[%emt 0:05:07]} Kh7 {[%emt 0:02:07]} 22. f4 {[%emt 0:02:00]} f6 {[%emt 0:02:05]} 23. Bxf6 {[%emt 0:07:31]} Nxf6 {[%emt 0:01:31]} 24. fxe5 {[%emt 0:00:06]} Nxd5 {[%emt 0:07:58]} 25. exd5 {[%emt 0:01:02]} c4+ {[%emt 0:00:30]} 26. Kh1 {[%emt 0:00:07]} Qg6 {[%emt 0:00:57]} 27. Qh2 {[%emt 0:00:37]} Nxe5 {[%emt 0:03:45]} 28. Qxe5 {[%emt 0:00:18]} Rae8 {[%emt 0:00:18]} 29. Qh2 {[%emt 0:01:47]} Re4 {[%emt 0:00:29]} 30. h5 {[%emt 0:01:02]} Qg5 {[%emt 0:01:26]} 31. Rf7+ {[%emt 0:01:48]} Kh6 {[%emt 0:00:44]} 32. Raf1 {[%emt 0:01:02]} Rh4 {[%emt 0:00:41]} 33. R7f6+ {[%emt 0:00:34]} Kxh5 {[%emt 0:00:14]} 34. g4+ {[%emt 0:00:18]} Qxg4 {[%emt 0:00:14]} 35. R1f5+ {[%emt 0:00:39]} Qxf5 {[%emt 0:00:05]} 36. Rxf5+ {[%emt 0:00:11]} Kg6 {[%emt 0:00:07]} 0-1

[Event "Vienna Chess Open 2019"]
[Site "Vienna"]
[Date "2019.08.17"]
[Round "1.8"]
[White "Gilevych, Artem"]
[Black "Petersen, Steen"]
[Result "1-0"]
[WhiteElo "2424"]
[BlackElo "2129"]
[Annotator "NA"]
[PlyCount "109"]
[EventDate "2019.08.17"]
[EventType "swiss"]
[EventCountry "AUT"]
[SourceTitle "playchess.com"]
[Source "ChessBase"]
[SourceQuality "1"]
[TimeControl "40/5400+30:1800+30"]

1. d4 {[%emt 0:00:00]} Nf6 {[%emt 0:00:00]} 2. Nc3 {[%emt 0:00:00]} d5 {[%emt 0:00:00]} 3. Bf4 {[%emt 0:00:38]} Bf5 {[%emt 0:01:53]} 4. f3 {[%emt 0:00:48]} e6 {[%emt 0:01:15]} 5. g4 {[%emt 0:00:07]} Bg6 {[%emt 0:00:45]} 6. h4 {[%emt 0:00:06]} h6 {[%emt 0:08:26]} 7. e3 {[%emt 0:00:48]} a6 {[%emt 0:06:15]} 8. Bd3 {[%emt 0:00:57]} Bxd3 {[%emt 0:00:22]} 9. Qxd3 {[%emt 0:03:07]} c5 {[%emt 0:01:48]} 10. Nge2 {[%emt 0:06:17]} Nc6 {[%emt 0:01:37]} 11. a3 {[%emt 0:07:15]} b5 {[%emt 0:06:49]} 12. Ng3 {[%emt 0:13:59]} cxd4 {[%emt 0:10:09]} 13. exd4 {[%emt 0:00:11]} Qb6 {[%emt 0:00:12]} 14. Nce2 {[%emt 0:03:11]} b4 {[%emt 0:03:13]} 15. axb4 {[%emt 0:05:25]} Nxb4 {[%emt 0:02:22]} 16. Qd2 {[%emt 0:02:51]} Qb5 {[%emt 0:01:50]} 17. Kf2 {[%emt 0:02:51]} Nd7 {[%emt 0:16:02]} 18. Nc1 {[%emt 0:05:37]} Nb6 {[%emt 0:04:05]} 19. c3 {[%emt 0:00:44]} Nc6 {[%emt 0:00:16]} 20. Nd3 {[%emt 0:03:13]} Nc4 {[%emt 0:01:43]} 21. Qe2 {[%emt 0:02:47]} N6a5 {[%emt 0:02:29]} 22. b4 {[%emt 0:06:14]} Nb7 {[%emt 0:01:46]} 23. g5 {[%emt 0:00:09]} hxg5 {[%emt 0:02:43]} 24. hxg5 {[%emt 0:00:06]} Rxh1 {[%emt 0:00:43]} 25. Rxh1 {[%emt 0:00:05]} g6 {[%emt 0:01:09]} 26. Rh7 {[%emt 0:02:47]} a5 {[%emt 0:03:27]} 27. Ne5 {[%emt 0:01:43]} Ncd6 {[%emt 0:04:02]} 28. c4 {[%emt 0:02:02]} dxc4 {[%emt 0:02:45]} 29. Nxf7 {[%emt 0:01:10]} Qd5 {[%emt 0:00:29]} 30. Nxd6+ {[%emt 0:13:23]} Nxd6 {[%emt 0:00:47]} 31. Qc2 {[%emt 0:01:19]} O-O-O {[%emt 0:05:37]} 32. bxa5 {[%emt 0:00:11]} Qxd4+ {[%emt 0:00:07]} 33. Be3 {[%emt 0:00:27]} Qa1 {[%emt 0:05:34]} 34. Ne4 {[%emt 0:06:42]} Qxa5 {[%emt 0:04:27]} 35. Nxd6+ {[%emt 0:00:24]} Bxd6 {[%emt 0:00:32]} 36. Qxc4+ {[%emt 0:00:05]} Bc7 {[%emt 0:01:25]} 37. Qxe6+ {[%emt 0:01:31]} Kb8 {[%emt 0:00:10]} 38. Qb3+ {[%emt 0:00:32]} Kc8 {[%emt 0:00:22]} 39. Qe6+ {[%emt 0:03:35]} Kb8 {[%emt 0:00:03]} 40. Rh1 {[%emt 0:01:19]} Rd2+ {[%emt 0:01:42]} 41. Bxd2 {[%emt 0:30:15]} Qxd2+ {[%emt 0:30:06]} 42. Qe2 {[%emt 0:02:57]} Bb6+ {[%emt 0:00:10]} 43. Kf1 {[%emt 0:00:04]} Qc1+ {[%emt 0:00:36]} 44. Qe1 {[%emt 0:00:21]} Qc4+ {[%emt 0:00:13]} 45. Kg2 {[%emt 0:01:36]} Qc2+ {[%emt 0:00:14]} 46. Kg3 {[%emt 0:02:14]} Bc7+ {[%emt 0:00:00]} 47. f4 {[%emt 0:00:00]} Bxf4+ {[%emt 0:00:00]} 48. Kxf4 {[%emt 0:00:00]} Qf5+ {[%emt 0:00:00]} 49. Ke3 {[%emt 0:00:00]} Qe5+ {[%emt 0:00:00]} 50. Kd3 {[%emt 0:00:00]} Qd5+ {[%emt 0:00:00]} 51. Kc3 {[%emt 0:00:00]} Qc6+ {[%emt 0:00:00]} 52. Kd4 {[%emt 0:00:00]} Qd6+ {[%emt 0:00:00]} 53. Ke4 {[%emt 0:00:00]} Qe6+ {[%emt 0:00:00]} 54. Kf3 {[%emt 0:00:00]} Qf5+ {[%emt 0:00:00]} 55. Kg2 {[%emt 0:00:00]} 1-0

[Event "Vienna Chess Open 2019"]
[Site "Vienna"]
[Date "2019.08.17"]
[Round "1.9"]
[White "Bruaset, Eivind"]
[Black "Hertneck, Gerald"]
[Result "0-1"]
[WhiteElo "2150"]
[BlackElo "2495"]
[Annotator "ChessBase"]
[PlyCount "64"]
[EventDate "2019.08.17"]
[EventType "swiss"]
[EventCountry "AUT"]
[SourceTitle "playchess.com"]
[Source "ChessBase"]
[SourceQuality "1"]
[TimeControl "40/5400+30:1800+30"]

1. e4 {[%emt 0:00:00]} e6 {[%emt 0:00:00]} 2. d4 {[%emt 0:00:00]} d5 {[%emt 0:00:00]} 3. exd5 {[%emt 0:01:53]} exd5 {[%emt 0:00:00]} 4. Nf3 {[%emt 0:00:03]} Bd6 {[%emt 0:00:00]} 5. Bd3 {[%emt 0:00:10]} Ne7 {[%emt 0:00:00]} 6. O-O {[%emt 0:00:52]} O-O {[%emt 0:00:19]} 7. h3 {[%emt 0:04:53]} Bf5 {[%emt 0:01:07]} 8. Re1 {[%emt 0:00:56]} Nbc6 {[%emt 0:00:32]} 9. c3 {[%emt 0:01:44]} Bxd3 {[%emt 0:00:56]} 10. Qxd3 {[%emt 0:00:08]} Ng6 {[%emt 0:00:14]} 11. b3 {[%emt 0:07:47]} Qd7 {[%emt 0:00:26]} 12. Ba3 {[%emt 0:02:09]} Nf4 {[%emt 0:03:04]} 13. Qc2 {[%emt 0:11:11]} Bxa3 {[%emt 0:01:50]} 14. Nxa3 {[%emt 0:00:02]} Rae8 {[%emt 0:00:38]} 15. Rad1 {[%emt 0:21:38]} Re6 {[%emt 0:01:27]} 16. Qd2 {[%emt 0:07:49]} Nxh3+ {[%emt 0:02:02]} 17. gxh3 {[%emt 0:04:00]} Rg6+ {[%emt 0:01:08]} 18. Kh2 {[%emt 0:00:57]} Rh6 {[%emt 0:05:37]} 19. Qxh6 {[%emt 0:15:41]} gxh6 {[%emt 0:00:06]} 20. Rg1+ {[%emt 0:00:08]} Kh8 {[%emt 0:00:05]} 21. Rg3 {[%emt 0:00:05]} Rg8 {[%emt 0:00:32]} 22. Rdg1 {[%emt 0:00:26]} Rxg3 {[%emt 0:03:38]} 23. Rxg3 {[%emt 0:00:07]} Qe7 {[%emt 0:01:07]} 24. b4 {[%emt 0:02:39]} Qe2 {[%emt 0:06:34]} 25. Kg2 {[%emt 0:00:39]} f6 {[%emt 0:00:35]} 26. Nh4 {[%emt 0:01:24]} Qe4+ {[%emt 0:00:08]} 27. Nf3 {[%emt 0:00:04]} h5 {[%emt 0:01:09]} 28. Nb5 {[%emt 0:02:49]} Ne7 {[%emt 0:00:05]} 29. h4 {[%emt 0:03:43]} Nf5 {[%emt 0:01:07]} 30. Rh3 {[%emt 0:00:23]} a6 {[%emt 0:00:53]} 31. Na3 {[%emt 0:04:33]} Qg4+ {[%emt 0:00:11]} 32. Kh2 {[%emt 0:00:16]} Qf4+ {[%emt 0:00:05]} 0-1

[Event "Vienna Chess Open 2019"]
[Site "Vienna"]
[Date "2019.08.17"]
[Round "1.9"]
[White "Tancsa, Tamas"]
[Black "Abdumalik, Zhansaya"]
[Result "0-1"]
[WhiteElo "2136"]
[BlackElo "2457"]
[Annotator "ChessBase"]
[PlyCount "60"]
[EventDate "2019.08.17"]
[EventType "swiss"]
[EventCountry "AUT"]
[SourceTitle "playchess.com"]
[Source "ChessBase"]
[SourceQuality "1"]
[TimeControl "40/5400+30:1800+30"]

1. e4 {[%emt 0:00:00]} c5 {[%emt 0:00:00]} 2. Nf3 {[%emt 0:00:00]} e6 {[%emt 0:00:00]} 3. d4 {[%emt 0:00:00]} cxd4 {[%emt 0:00:00]} 4. Nxd4 {[%emt 0:00:00]} a6 {[%emt 0:00:00]} 5. c4 {[%emt 0:00:00]} Nf6 {[%emt 0:00:39]} 6. Nc3 {[%emt 0:00:12]} Qc7 {[%emt 0:00:20]} 7. a3 {[%emt 0:00:09]} b6 {[%emt 0:00:50]} 8. Be3 {[%emt 0:00:06]} Bb7 {[%emt 0:00:42]} 9. f3 {[%emt 0:00:15]} h5 {[%emt 0:02:15]} 10. Be2 {[%emt 0:00:49]} h4 {[%emt 0:01:07]} 11. b4 {[%emt 0:00:46]} Be7 {[%emt 0:07:10]} 12. Rc1 {[%emt 0:03:15]} d6 {[%emt 0:07:42]} 13. Qd2 {[%emt 0:02:52]} Nbd7 {[%emt 0:00:34]} 14. Na4 {[%emt 0:03:20]} Rc8 {[%emt 0:03:36]} 15. Nb3 {[%emt 0:01:16]} O-O {[%emt 0:03:30]} 16. O-O {[%emt 0:00:25]} h3 {[%emt 0:07:19]} 17. g3 {[%emt 0:16:49]} Qb8 {[%emt 0:03:14]} 18. Rb1 {[%emt 0:07:03]} Bd8 {[%emt 0:03:16]} 19. Rfc1 {[%emt 0:02:55]} Bc7 {[%emt 0:04:10]} 20. Bf2 {[%emt 0:00:19]} Qa8 {[%emt 0:03:31]} 21. Nc3 {[%emt 0:03:40]} Ne5 {[%emt 0:02:47]} 22. Qe3 {[%emt 0:01:59]} Rfe8 {[%emt 0:02:36]} 23. c5 {[%emt 0:07:54]} bxc5 {[%emt 0:06:52]} 24. bxc5 {[%emt 0:00:49]} d5 {[%emt 0:00:14]} 25. Nd2 {[%emt 0:09:21]} Bc6 {[%emt 0:04:44]} 26. exd5 {[%emt 0:14:01]} exd5 {[%emt 0:01:34]} 27. Qg5 {[%emt 0:03:35]} d4 {[%emt 0:04:50]} 28. Bxd4 {[%emt 0:00:24]} Rcd8 {[%emt 0:01:30]} 29. Nb3 {[%emt 0:15:58]} Bxf3 {[%emt 0:01:25]} 30. Bxe5 {[%emt 0:05:02]} Bxe2 {[%emt 0:01:13]} 0-1

[Event "Vienna Chess Open 2019"]
[Site "Vienna"]
[Date "2019.08.17"]
[Round "1.9"]
[White "Rittmann, Dirk"]
[Black "Menezes, Christoph"]
[Result "1/2-1/2"]
[WhiteElo "2129"]
[BlackElo "2420"]
[Annotator "NA"]
[PlyCount "75"]
[EventDate "2019.08.17"]
[EventType "swiss"]
[EventCountry "AUT"]
[SourceTitle "playchess.com"]
[Source "ChessBase"]
[SourceQuality "1"]
[TimeControl "40/5400+30:1800+30"]

1. e4 {[%emt 0:00:00]} c5 {[%emt 0:00:00]} 2. Nf3 {[%emt 0:00:00]} d6 {[%emt 0:00:00]} 3. d4 {[%emt 0:00:00]} cxd4 {[%emt 0:00:08]} 4. Nxd4 {[%emt 0:00:04]} Nf6 {[%emt 0:00:11]} 5. Nc3 {[%emt 0:00:10]} a6 {[%emt 0:00:13]} 6. Bg5 {[%emt 0:00:24]} Nbd7 {[%emt 0:01:36]} 7. f4 {[%emt 0:01:22]} Qc7 {[%emt 0:01:47]} 8. Bd3 {[%emt 0:02:17]} h6 {[%emt 0:06:28]} 9. Bh4 {[%emt 0:00:19]} g6 {[%emt 0:02:58]} 10. Qe2 {[%emt 0:01:37]} e5 {[%emt 0:04:19]} 11. fxe5 {[%emt 0:16:14]} dxe5 {[%emt 0:00:09]} 12. Nf3 {[%emt 0:04:42]} b5 {[%emt 0:06:43]} 13. O-O {[%emt 0:09:08]} Bg7 {[%emt 0:05:48]} 14. a4 {[%emt 0:04:13]} b4 {[%emt 0:03:41]} 15. Nd5 {[%emt 0:03:15]} Nxd5 {[%emt 0:01:41]} 16. exd5 {[%emt 0:00:07]} O-O {[%emt 0:08:34]} 17. Be7 {[%emt 0:04:56]} Re8 {[%emt 0:01:16]} 18. d6 {[%emt 0:00:56]} Qc5+ {[%emt 0:02:21]} 19. Kh1 Bb7 {[%emt 0:02:36]} 20. Rae1 {[%emt 0:07:40]} Rac8 {[%emt 0:12:58]} 21. Bxa6 {[%emt 0:08:48]} Bxa6 {[%emt 0:01:33]} 22. Qxa6 {[%emt 0:00:03]} f5 {[%emt 0:01:21]} 23. Qb7 {[%emt 0:02:45]} Qc6 {[%emt 0:00:56]} 24. Qxb4 {[%emt 0:00:27]} Rb8 {[%emt 0:06:45]} 25. Qa3 {[%emt 0:00:56]} e4 {[%emt 0:06:08]} 26. Qa2+ {[%emt 0:05:10]} Kh7 {[%emt 0:00:07]} 27. Nh4 {[%emt 0:00:08]} Rxb2 {[%emt 0:05:15]} 28. Qe6 {[%emt 0:00:08]} Ne5 {[%emt 0:00:29]} 29. Nxf5 {[%emt 0:00:25]} gxf5 {[%emt 0:00:54]} 30. Qxf5+ {[%emt 0:00:11]} Kg8 {[%emt 0:01:47]} 31. Qxe4 {[%emt 0:00:22]} Qxe4 {[%emt 0:02:22]} 32. Rxe4 {[%emt 0:00:03]} Rxc2 {[%emt 0:00:10]} 33. Rxe5 {[%emt 0:00:28]} Bxe5 {[%emt 0:00:21]} 34. d7 {[%emt 0:00:05]} Ra8 {[%emt 0:03:44]} 35. d8=Q+ {[%emt 0:00:23]} Rxd8 {[%emt 0:00:01]} 36. Bxd8 {[%emt 0:00:11]} Ra2 {[%emt 0:00:06]} 37. a5 {[%emt 0:00:28]} Bc3 {[%emt 0:00:04]} 38. g3 {[%emt 0:00:45]} 1/2-1/2